000 00824nam a22002297a 4500
005 20080930134448.0
008 080930t xxu||||| |||| 00| 0 eng d
010 _aENG-91097
020 _a9788184500837
_c380.00
035 _aEN-74630
037 _bDBAD / PUB
040 _adpl
_bEnglish
082 _a954.083
245 _aIndia in 1857:
_bbefore and after /
_cedited by H.S.Bhatia
260 _aNew Delhi
_bDeep & Deep Publications
_c2008
300 _axi,290p.
_c23 cm.(Hb)
500 _aInclude index
651 _aIndia
_xHistory
_xSepoy Rebellion, 1857-1858
700 _aBhatia, H.S
942 _2ddc
_cEN
_mIND
_h954.083
999 _c16041
_d16041